| 000 | 00739nam a22001337a 4500 | ||
|---|---|---|---|
| 040 | _cRUA | ||
| 082 | _aAVM KHY 2011 B099 Or.1 | ||
| 100 | _aKHY, PISETH. | ||
| 245 | _aEffect of zinaprim and oxytetraciclina on diarrhea of suckling piglet at farm of memot district kompong cham province, ឥទ្ធិពលzinaprim និង oxytetraciclina លើជំងឺរាកកូនជ្រូកក្នុងអំឡុងពេលបៅដោះ នៅកសិដ្ឋានស្រុកមេមត់ ខេត្ដកំពង់ចាម | ||
| 260 |
_aPhnom Penh _bRUA _c2011 |
||
| 300 |
_aviii; 39p. _bill. _c29cm. |
||
| 856 | _uhttps://drive.google.com/file/d/19z5B4aqcwwFxAN4YaSN_wA5VVjXpIYfK/view?usp=sharing | ||
| 942 | _cAVM | ||
| 999 |
_c2542 _d2542 |
||